000 00202 a2200109 4500
020 _a9789968125116
041 _aspa
100 _aCepeda, Louis
245 _aTiemo de Leer
942 _cBK
952 _71
999 _c18222
_d18222